[Event "Reykjavik Kvika op"]
[Site "Reykjavik"]
[Date "2022.04.12"]
[Round "9"]
[White "Burlacu, Bogdan"]
[Black "Jonsson, Gauti Pall"]
[Result "1-0"]
[WhiteElo "2286"]
[BlackElo "2064"]
[PlyCount "47"]
[EventDate "2022.04.06"]
[EventType "swiss"]
[EventRounds "9"]
[EventCountry "ISL"]
[SourceTitle "CBM 207 Extra"]
[Source "ChessBase"]
[SourceDate "2022.05.31"]
[SourceVersion "1"]
[SourceVersionDate "2022.05.31"]
[SourceQuality "1"]

1. Nf3 Nf6 2. g3 b6 3. Bg2 Bb7 4. 0-0 g6 5. d3 Bg7 6. e4 0-0 7. e5 Ne8 8. d4 c5 9. dxc5 bxc5 10. Nc3 d5 11. exd6 Nxd6 12. Re1 Nd7 13. Nd5 Bxd5 14. Qxd5 Nb6 15. Qd3 Qc7 16. Ne5 Rad8 17. Nc6 Rd7 18. Bf4 Nbc8 19. c3 Qb6 20. Qe2 Nf5 21. Rad1 Rxd1 22. Rxd1 h5 23. Rd7 e6 24. Bc7 1-0

[Event "Reykjavik Kvika op"]
[Site "Reykjavik"]
[Date "2022.04.10"]
[Round "6"]
[White "Mirza, Diana"]
[Black "Burlacu, Bogdan"]
[Result "0-1"]
[WhiteElo "1905"]
[BlackElo "2286"]
[PlyCount "120"]
[EventDate "2022.04.06"]
[EventType "swiss"]
[EventRounds "9"]
[EventCountry "ISL"]
[SourceTitle "CBM 207 Extra"]
[Source "ChessBase"]
[SourceDate "2022.05.31"]
[SourceVersion "1"]
[SourceVersionDate "2022.05.31"]
[SourceQuality "1"]

1. d4 Nf6 2. Nf3 g6 3. c4 Bg7 4. Nc3 d6 5. e4 0-0 6. h3 Na6 7. Be3 c5 8. d5 e6 9. Bd3 exd5 10. exd5 Nc7 11. a4 b6 12. 0-0 a6 13. Qd2 Nfe8 14. Bg5 f6 15. Bh6 Bd7 16. Rfe1 Rf7 17. Bxg7 Nxg7 18. Ne4 Qf8 19. Qf4 Nge8 20. b3 h6 21. Qg3 f5 22. Ned2 Qg7 23. Ra2 Qf6 24. Nf1 Ng7 25. Qf4 g5 26. Qc1 g4 27. hxg4 fxg4 28. N3h2 Raf8 29. f4 Qxf4 30. Qxf4 Rxf4 31. Re7 R8f7 32. Rae2 Kf8 33. Rxf7+ Kxf7 34. g3 Rd4 35. Rf2+ Ke7 36. Bg6 Be8 37. Bc2 h5 38. Ne3 b5 39. cxb5 axb5 40. a5 c4 41. bxc4 bxc4 42. Rf4 Rxf4 43. gxf4 c3 44. Kf2 Bf7 45. Be4 Nge8 46. Nd1 Nb5 47. a6 Bxd5 48. Bd3 Nec7 49. Nf1 Bc4 50. Bg6 Bxf1 51. Kxf1 Nxa6 52. Nxc3 Nxc3 53. Bxh5 g3 54. Bf3 Nc5 55. Kg2 N5e4 56. f5 Kf6 57. Bg4 Kg5 58. Bh3 Kf4 59. Kg1 d5 60. Kf1 d4 0-1

[Event "Reykjavik Kvika op"]
[Site "Reykjavik"]
[Date "2022.04.09"]
[Round "5"]
[White "Burlacu, Bogdan"]
[Black "Balzer, Lars"]
[Result "1-0"]
[WhiteElo "2286"]
[BlackElo "2015"]
[PlyCount "69"]
[EventDate "2022.04.06"]
[EventType "swiss"]
[EventRounds "9"]
[EventCountry "ISL"]
[SourceTitle "CBM 207 Extra"]
[Source "ChessBase"]
[SourceDate "2022.05.31"]
[SourceVersion "1"]
[SourceVersionDate "2022.05.31"]
[SourceQuality "1"]

1. e4 g6 2. d4 c6 3. Nc3 d5 4. h3 Bg7 5. Nf3 dxe4 6. Nxe4 Nf6 7. Nxf6+ exf6 8. Bc4 0-0 9. 0-0 a5 10. a4 Na6 11. Bf4 Nc7 12. Bb3 Nd5 13. Bd2 Qc7 14. c4 Nf4 15. Be3 f5 16. d5 Nh5 17. d6 Qd8 18. c5 Nf6 19. Bd4 Ne4 20. Re1 Re8 21. Bxg7 Kxg7 22. Qd4+ f6 23. Bc2 Be6 24. Bxe4 fxe4 25. Rxe4 Bd5 26. Rxe8 Qxe8 27. Re1 Qf8 28. Re7+ Kg8 29. Qh4 h5 30. Qf4 Rd8 31. Nh4 g5 32. Qf5 Bf7 33. Qxf6 gxh4 34. Rxf7 Qxf7 35. Qxd8+ 1-0

[Event "Reykjavik Kvika op"]
[Site "Reykjavik"]
[Date "2022.04.06"]
[Round "1"]
[White "Burlacu, Bogdan"]
[Black "Carlsson, Gustav"]
[Result "1-0"]
[WhiteElo "2286"]
[BlackElo "2008"]
[PlyCount "79"]
[EventDate "2022.04.06"]
[EventType "swiss"]
[EventRounds "9"]
[EventCountry "ISL"]
[SourceTitle "CBM 207 Extra"]
[Source "ChessBase"]
[SourceDate "2022.05.31"]
[SourceVersion "1"]
[SourceVersionDate "2022.05.31"]
[SourceQuality "1"]

1. e4 e6 2. d3 d5 3. Nd2 Nf6 4. Ngf3 c5 5. g3 Nc6 6. Bg2 Be7 7. 0-0 dxe4 8. dxe4 e5 9. c3 0-0 10. Qc2 Qc7 11. a4 Na5 12. b3 b6 13. Re1 Ba6 14. Rb1 Rad8 15. Bf1 Bxf1 16. Nxf1 Rd7 17. Ne3 g6 18. Nd2 a6 19. Nec4 Nxc4 20. bxc4 h5 21. Nf1 h4 22. Ne3 hxg3 23. hxg3 Kg7 24. Kg2 Rh8 25. Bd2 Rd6 26. Rh1 Rxh1 27. Rxh1 Qd7 28. Nd5 Nxd5 29. cxd5 b5 30. axb5 axb5 31. Be3 Ra6 32. Qb2 b4 33. cxb4 cxb4 34. Qxe5+ f6 35. Qb8 Qd8 36. Qb7 Ra5 37. Rc1 Kf7 38. Rc8 Qd6 39. Bf4 Qa6 40. Qd7 1-0

[Event "AUT-chT2O 1718"]
[Site "Austria"]
[Date "2018.02.24"]
[Round "8.4"]
[White "Burlacu, Bogdan"]
[Black "Polak, Tomas"]
[Result "1/2-1/2"]
[WhiteElo "2319"]
[BlackElo "2513"]
[PlyCount "75"]
[EventDate "2017.10.21"]
[EventType "team-tourn"]
[EventRounds "11"]
[EventCountry "AUT"]
[SourceTitle "EXT 2019"]
[Source "ChessBase"]
[SourceDate "2018.10.10"]
[SourceVersion "1"]
[SourceVersionDate "2018.10.10"]
[SourceQuality "1"]
[WhiteTeam "Mostarrichi"]
[BlackTeam "Hietzing"]
[WhiteTeamCountry "AUT"]
[BlackTeamCountry "AUT"]

1. e4 c5 2. Nf3 g6 3. g3 Bg7 4. Bg2 Nc6 5. 0-0 Nf6 6. d3 d5 7. exd5 Nxd5 8. Re1 0-0 9. Nbd2 b6 10. a4 Bb7 11. Nc4 Qc7 12. c3 e6 13. h4 h6 14. Qb3 Rab8 15. a5 Rfd8 16. axb6 axb6 17. Bd2 Ba8 18. d4 cxd4 19. cxd4 b5 20. Nce5 Nxe5 21. Nxe5 Rdc8 22. Nxg6 fxg6 23. Rxe6 Qc4 24. Qxc4 Rxc4 25. Rxa8 Rxa8 26. Bxd5 Rxd4 27. Re8+ Kh7 28. Bg8+ Kh8 29. Rxa8 Rxd2 30. Bc4+ Kh7 31. Bg8+ Kh8 32. Bc4+ Kh7 33. Bxb5 Rxb2 34. Bd3 Bd4 35. Rf8 Kg7 36. Rf4 Bf6 37. Ra4 Rb7 38. Ra6 1/2-1/2

[Event "AUT-chT2O 1718"]
[Site "Austria"]
[Date "2017.12.02"]
[Round "5.2"]
[White "Sadilek, Peter"]
[Black "Burlacu, Bogdan"]
[Result "1-0"]
[WhiteElo "2266"]
[BlackElo "2319"]
[PlyCount "83"]
[EventDate "2017.10.21"]
[EventType "team-tourn"]
[EventRounds "11"]
[EventCountry "AUT"]
[SourceTitle "EXT 2019"]
[Source "ChessBase"]
[SourceDate "2018.10.10"]
[SourceVersion "1"]
[SourceVersionDate "2018.10.10"]
[SourceQuality "1"]
[WhiteTeam "Tschaturanga"]
[BlackTeam "Mostarrichi"]
[WhiteTeamCountry "AUT"]
[BlackTeamCountry "AUT"]

1. d4 Nf6 2. c4 g6 3. Nc3 Bg7 4. e4 d6 5. Be2 0-0 6. Nf3 Nbd7 7. 0-0 e5 8. d5 Nc5 9. Qc2 a5 10. Bg5 h6 11. Be3 b6 12. Nd2 Bg4 13. Qd1 Bd7 14. b3 Nh7 15. a3 f5 16. f3 f4 17. Bf2 g5 18. b4 Nb7 19. Nb3 a4 20. Nc1 Rf6 21. Nd3 Rg6 22. c5 bxc5 23. bxc5 Nxc5 24. Bxc5 dxc5 25. Nxc5 Bf8 26. Nxd7 Qxd7 27. Kh1 Bc5 28. Nb5 Kh8 29. Qc2 Bb6 30. Rac1 Ra5 31. d6 cxd6 32. Rfd1 Nf8 33. Qc8 Rf6 34. Qb8 Rxb5 35. Bxb5 Qxb5 36. Rb1 Qc5 37. Rxb6 Qxa3 38. Rbxd6 Kg7 39. Rxf6 Kxf6 40. Rd6+ Kg7 41. Qb7+ Kg8 42. Qd5+ 1-0

[Event "AUT-chT2O 1718"]
[Site "Austria"]
[Date "2017.10.22"]
[Round "2.1"]
[White "Pacher, Milan"]
[Black "Burlacu, Bogdan"]
[Result "1-0"]
[WhiteElo "2443"]
[BlackElo "2319"]
[PlyCount "76"]
[EventDate "2017.10.21"]
[EventType "team-tourn"]
[EventRounds "11"]
[EventCountry "AUT"]
[SourceTitle "CBM 181 Extra"]
[Source "ChessBase"]
[SourceDate "2017.12.12"]
[SourceVersion "1"]
[SourceVersionDate "2017.12.12"]
[SourceQuality "1"]
[WhiteTeam "Austria"]
[BlackTeam "Mostarrichi"]
[WhiteTeamCountry "AUT"]
[BlackTeamCountry "AUT"]

1. e4 c5 2. Nf3 d6 3. d4 cxd4 4. Nxd4 Nf6 5. Nc3 a6 6. Be3 e5 7. Nb3 Be6 8. Qd2 Be7 9. 0-0-0 0-0 10. f4 Ng4 11. g3 Nxe3 12. Qxe3 Nd7 13. Kb1 Qb6 14. Qxb6 Nxb6 15. Na5 Rab8 16. f5 Bd7 17. Nc4 Nxc4 18. Bxc4 Rfc8 19. Bb3 Bc6 20. g4 b5 21. Nd5 Bh4 22. Rd3 a5 23. Rh3 Bd8 24. a3 a4 25. Ba2 b4 26. Rd1 bxa3 27. Rxa3 Kf8 28. Bc4 Bb6 29. Nxb6 Rxb6 30. Rxd6 Rb4 31. Ba6 Rc7 32. Rc3 Rb6 33. Bd3 a3 34. b3 Ke7 35. Rd5 Bxd5 36. Rxc7+ Kd6 37. Ra7 Bb7 38. Ka2 Kc5 1-0

[Event "AUT-chT2M 1516"]
[Site "Austria"]
[Date "2016.02.27"]
[Round "7.4"]
[White "Schachinger, Mario"]
[Black "Burlacu, Bogdan"]
[Result "1/2-1/2"]
[WhiteElo "2439"]
[BlackElo "2279"]
[PlyCount "129"]
[EventDate "2015.10.02"]
[EventType "team-tourn"]
[EventRounds "11"]
[EventCountry "AUT"]
[SourceTitle "EXT 2017"]
[Source "ChessBase"]
[SourceDate "2016.10.25"]
[SourceVersion "1"]
[SourceVersionDate "2016.10.25"]
[SourceQuality "1"]
[WhiteTeam "Maria Saal II"]
[BlackTeam "Hartkirchen Union"]
[WhiteTeamCountry "AUT"]
[BlackTeamCountry "AUT"]

1. d4 Nf6 2. c4 g6 3. Nc3 Bg7 4. e4 d6 5. Nf3 0-0 6. Be2 Nbd7 7. 0-0 e5 8. Be3 c6 9. d5 c5 10. Ne1 Kh8 11. Nd3 Ng8 12. Qd2 Nb6 13. b3 f5 14. exf5 Bxf5 15. f3 Nf6 16. Nf2 Qe7 17. g4 Bc8 18. Nce4 Nxe4 19. Nxe4 Nd7 20. Bg5 Nf6 21. Qe3 Bd7 22. Qf2 Nxe4 23. Bxe7 Nxf2 24. Rxf2 Rfe8 25. Bxd6 e4 26. Rd1 Bd4 27. f4 h5 28. h3 hxg4 29. hxg4 g5 30. Be5+ Bxe5 31. fxe5 Rxe5 32. Rf7 Rd8 33. Rdf1 Kg8 34. R7f6 Kg7 35. Rd6 Re7 36. Rff6 Be8 37. Rfe6 Red7 38. Rxd7+ Bxd7 39. Rxe4 Re8 40. Rxe8 Bxe8 41. Bd3 Kf6 42. Kf2 Ke5 43. Ke3 b6 44. Bf5 Bf7 45. Kd3 Be8 46. Kc3 a5 47. Bc8 Kd6 48. Kd3 Ke5 49. Kc3 Kd6 50. Kb2 Kc7 51. Be6 Kd6 52. Kc3 Ke5 53. a3 Kd6 54. b4 axb4+ 55. axb4 Ke5 56. Bf5 Kd6 57. Kb3 Ke5 58. Bc8 Kd6 59. Kc3 Ke5 60. b5 Bg6 61. Bf5 Bf7 62. Kd3 Be8 63. Ke3 Bf7 64. Bc8 Bg6 65. Bf5 1/2-1/2

[Event "AUT-chT2M 1516"]
[Site "Austria"]
[Date "2015.11.14"]
[Round "4.2"]
[White "Gonda, Laszlo"]
[Black "Burlacu, Bogdan"]
[Result "1/2-1/2"]
[WhiteElo "2549"]
[BlackElo "2279"]
[PlyCount "75"]
[EventDate "2015.10.02"]
[EventType "team-tourn"]
[EventRounds "11"]
[EventCountry "AUT"]
[SourceTitle "EXT 2017"]
[Source "ChessBase"]
[SourceDate "2016.10.25"]
[SourceVersion "1"]
[SourceVersionDate "2016.10.25"]
[SourceQuality "1"]
[WhiteTeam "St Valentin"]
[BlackTeam "Hartkirchen Union"]
[WhiteTeamCountry "AUT"]
[BlackTeamCountry "AUT"]

1. d4 Nf6 2. c4 g6 3. Nf3 Bg7 4. g3 0-0 5. Bg2 c6 6. 0-0 d5 7. Nbd2 Nbd7 8. b3 b6 9. Bb2 Bb7 10. Qc2 Rc8 11. Rac1 c5 12. dxc5 Nxc5 13. Rfd1 dxc4 14. Nxc4 Qe8 15. Qb1 Rd8 16. Nce5 Rxd1+ 17. Rxd1 Qa8 18. b4 Nce4 19. h4 Nd6 20. a4 Rc8 21. Bh3 Be4 22. Qa1 Rc2 23. Nd4 Rc7 24. b5 Bf8 25. f3 Bb7 26. Rc1 Rxc1+ 27. Qxc1 a6 28. Nd7 Nxd7 29. Bxd7 axb5 30. axb5 Qa2 31. Bc6 Bc8 32. Qa1 Qc4 33. Qc1 e5 34. Nc2 Qxe2 35. Ne3 Bh6 36. f4 exf4 37. Nd5 Nc4 38. Nf6+ 1/2-1/2

[Event "AUT-chT2M 1415"]
[Site "Austria"]
[Date "2015.04.19"]
[Round "11.1"]
[White "Burlacu, Bogdan"]
[Black "Schachinger, Mario"]
[Result "0-1"]
[WhiteElo "2339"]
[BlackElo "2421"]
[PlyCount "148"]
[EventDate "2014.10.03"]
[EventType "team-tourn"]
[EventRounds "11"]
[EventCountry "AUT"]
[SourceTitle "EXT 2016"]
[Source "ChessBase"]
[SourceDate "2015.10.08"]
[SourceVersion "1"]
[SourceVersionDate "2015.10.08"]
[SourceQuality "1"]
[WhiteTeam "Hartkirchen"]
[BlackTeam "Maria Saal II"]
[WhiteTeamCountry "AUT"]
[BlackTeamCountry "AUT"]

1. e4 e5 2. Nf3 Nc6 3. Bb5 Nf6 4. d3 Bc5 5. 0-0 Nd4 6. Nxd4 Bxd4 7. c3 Bb6 8. Ba4 0-0 9. Bg5 h6 10. Bh4 g5 11. Bg3 d6 12. Kh1 Be6 13. Bc2 Ne8 14. Nd2 c6 15. Nc4 Bc7 16. Ne3 Ng7 17. d4 Qf6 18. Bb3 Rad8 19. Bxe6 Qxe6 20. d5 Qg6 21. Qa4 Bb6 22. dxc6 bxc6 23. Qxc6 Bxe3 24. fxe3 Rb8 25. Rf2 Qe6 26. Rd2 Rb6 27. Qd5 Rc8 28. Rf1 Qxd5 29. exd5 f5 30. Rc1 f4 31. Bf2 Ra6 32. b3 e4 33. c4 Nf5 34. Re1 Re8 35. Rde2 f3 36. gxf3 exf3 37. Rc2 Re4 38. b4 Ra4 39. Rb1 g4 40. Kg1 h5 41. Rb3 h4 42. a3 g3 43. hxg3 hxg3 44. Bxg3 Rg4 45. Rh2 Nxg3 46. Kf2 Nf5 47. Kxf3 Rxc4 48. Rh5 Nh4+ 49. Ke2 Ng6 50. Kd3 Rc7 51. Ke4 Kg7 52. Kd4 a5 53. Rh2 axb4 54. axb4 Ra1 55. e4 Rd1+ 56. Ke3 Re7 57. b5 Re1+ 58. Re2 Rxe2+ 59. Kxe2 Rxe4+ 60. Kd3 Re7 61. Kc4 Re4+ 62. Kd3 Re8 63. Kc4 Ne5+ 64. Kb4 Nd7 65. Rc3 Kf6 66. Rf3+ Ke7 67. Ra3 Rb8 68. Ra7 Kd8 69. Ka5 Kc8 70. Ka6 Rb6+ 71. Ka5 Rb7 72. Ra8+ Kc7 73. Rh8 Ra7+ 74. Kb4 Nc5 0-1

[Event "AUT-chT2M 1415"]
[Site "Austria"]
[Date "2015.04.18"]
[Round "10.4"]
[White "Huber, Martin Christian"]
[Black "Burlacu, Bogdan"]
[Result "1-0"]
[WhiteElo "2286"]
[BlackElo "2339"]
[PlyCount "39"]
[EventDate "2014.10.03"]
[EventType "team-tourn"]
[EventRounds "11"]
[EventCountry "AUT"]
[SourceTitle "EXT 2016"]
[Source "ChessBase"]
[SourceDate "2015.10.08"]
[SourceVersion "1"]
[SourceVersionDate "2015.10.08"]
[SourceQuality "1"]
[WhiteTeam "Graz Schachfreunde"]
[BlackTeam "Hartkirchen"]
[WhiteTeamCountry "AUT"]
[BlackTeamCountry "AUT"]

1. d4 Nf6 2. c4 g6 3. Nc3 Bg7 4. e4 d6 5. Nf3 0-0 6. Be2 Nbd7 7. 0-0 e5 8. Be3 Qe7 9. dxe5 dxe5 10. Nd5 Qd8 11. Qc2 c6 12. Nxf6+ Bxf6 13. Rfd1 Qe7 14. c5 Re8 15. Nd2 Nf8 16. Nc4 Be6 17. Nd6 Red8 18. b4 Rd7 19. a4 a6 20. Qb1 1-0

[Event "AUT-chT2M 1415"]
[Site "Austria"]
[Date "2015.04.17"]
[Round "9.4"]
[White "Burlacu, Bogdan"]
[Black "Krebs, Johann"]
[Result "0-1"]
[WhiteElo "2339"]
[BlackElo "2228"]
[PlyCount "76"]
[EventDate "2014.10.03"]
[EventType "team-tourn"]
[EventRounds "11"]
[EventCountry "AUT"]
[SourceTitle "EXT 2016"]
[Source "ChessBase"]
[SourceDate "2015.10.08"]
[SourceVersion "1"]
[SourceVersionDate "2015.10.08"]
[SourceQuality "1"]
[WhiteTeam "Hartkirchen"]
[BlackTeam "Graz Strassenbahn"]
[WhiteTeamCountry "AUT"]
[BlackTeamCountry "AUT"]

1. e4 c5 2. Nf3 Nc6 3. Bb5 g6 4. 0-0 Bg7 5. Re1 Nf6 6. c3 0-0 7. d3 d6 8. Nbd2 Qc7 9. Nf1 a6 10. Ba4 b5 11. Bc2 b4 12. Ne3 Rb8 13. c4 e5 14. Ba4 Ne7 15. a3 bxa3 16. Rxa3 Nh5 17. Nd2 Nf4 18. Nb1 f5 19. Nc3 Kh8 20. f3 h5 21. exf5 gxf5 22. Nf1 Neg6 23. Ne2 Bh6 24. Nxf4 Bxf4 25. Ne3 Be6 26. g3 Bxe3+ 27. Rxe3 f4 28. Re1 Rg8 29. Kf2 Rbf8 30. Qd2 Ne7 31. Qc3 Nf5 32. Bd1 Nd4 33. Rg1 fxg3+ 34. Rxg3 Rxg3 35. hxg3 Qb7 36. Qd2 Rxf3+ 37. Bxf3 Qxf3+ 38. Ke1 Qh1+ 0-1

[Event "AUT-chT2M 1415"]
[Site "Austria"]
[Date "2014.11.16"]
[Round "5.2"]
[White "Burlacu, Bogdan"]
[Black "Schmidt, Peter"]
[Result "1-0"]
[WhiteElo "2339"]
[BlackElo "2383"]
[PlyCount "81"]
[EventDate "2014.10.03"]
[EventType "team-tourn"]
[EventRounds "11"]
[EventCountry "AUT"]
[SourceTitle "CBM 163 Extra"]
[Source "ChessBase"]
[SourceDate "2014.12.23"]
[SourceVersion "1"]
[SourceVersionDate "2014.12.23"]
[SourceQuality "1"]
[WhiteTeam "Hartkirchen"]
[BlackTeam "Sauwald"]
[WhiteTeamCountry "AUT"]
[BlackTeamCountry "AUT"]

1. e4 d6 2. d4 Nf6 3. Nc3 g6 4. Be3 Bg7 5. f3 0-0 6. Qd2 e5 7. dxe5 dxe5 8. Bd3 c6 9. 0-0-0 b5 10. Nce2 Be6 11. Kb1 Nbd7 12. g4 Rb8 13. g5 Nh5 14. Ng3 Nf4 15. N1e2 Ng2 16. Bf2 c5 17. Nc3 c4 18. Bf1 Nf4 19. Nd5 Qxg5 20. Bxa7 Ra8 21. Be3 Rfc8 22. Ne2 Bxd5 23. Qxd5 Qd8 24. Qxb5 Rc7 25. Nxf4 exf4 26. Bxf4 Rb8 27. Bxc7 Qxc7 28. Rxd7 Qf4 29. Rb7 Rxb7 30. Qxb7 Qxf3 31. Bg2 Qxg2 32. Rd1 Be5 33. Qc8+ Kg7 34. Qxc4 h5 35. a4 h4 36. a5 Qxh2 37. a6 Qf2 38. Rf1 Qa7 39. Rxf7+ Qxf7 40. Qxf7+ Kxf7 41. a7 1-0

[Event "Donau op 21st"]
[Site "Aschach"]
[Date "2012.12.27"]
[Round "3"]
[White "Horvath, Jozsef"]
[Black "Burlacu, Bogdan"]
[Result "1-0"]
[WhiteElo "2539"]
[BlackElo "2276"]
[PlyCount "55"]
[EventDate "2012.12.26"]
[EventType "swiss"]
[EventRounds "7"]
[EventCountry "AUT"]
[SourceTitle "CBM 152 Extra"]
[Source "ChessBase"]
[SourceDate "2013.02.25"]
[SourceVersion "1"]
[SourceVersionDate "2013.02.25"]
[SourceQuality "1"]

1. c4 Nf6 2. Nc3 g6 3. g3 Bg7 4. Bg2 0-0 5. e4 d6 6. Nge2 e5 7. d3 c6 8. 0-0 Ne8 9. Be3 f5 10. exf5 Bxf5 11. d4 Na6 12. dxe5 Bxe5 13. Nd4 Bd7 14. Qd2 Qc8 15. f4 Bg7 16. Ne4 Nf6 17. Nxd6 Qc7 18. Nf3 Ng4 19. c5 b6 20. cxb6 axb6 21. Nc4 Be6 22. Bxb6 Qb7 23. Qe2 Rfe8 24. Nfe5 Nxe5 25. fxe5 Bxe5 26. Nxe5 Qxb6+ 27. Qf2 Qxf2+ 28. Rxf2 1-0

[Event "Parla 25 Jubilee op"]
[Site "Parla"]
[Date "2008.09.13"]
[Round "8"]
[White "Ruiz Quevedo, Andres"]
[Black "Burlacu, Bogdan"]
[Result "0-1"]
[WhiteElo "1900"]
[BlackElo "2253"]
[PlyCount "70"]
[EventDate "2008.09.06"]
[EventType "swiss"]
[EventRounds "9"]
[EventCountry "ESP"]
[SourceTitle "CBM 126 Extra"]
[Source "ChessBase"]
[SourceDate "2008.11.05"]
[SourceVersion "1"]
[SourceVersionDate "2008.11.05"]
[SourceQuality "1"]

1. c4 e5 2. b3 Nc6 3. Bb2 f5 4. Nc3 Nf6 5. g3 Bc5 6. Bg2 Ne7 7. e3 Bb4 8. Nge2 d6 9. 0-0 0-0 10. a3 Bxc3 11. Bxc3 c6 12. c5 e4 13. cxd6 Qxd6 14. Qc2 b6 15. Rfd1 Ba6 16. Bf1 Bd3 17. Qb2 Ned5 18. Be5 Qe7 19. Nf4 Nxf4 20. gxf4 Ng4 21. Bxd3 Qh4 22. Bc4+ Rf7 23. Bxf7+ Kxf7 24. d4 Nxh2 25. Kg2 Re8 26. b4 Re6 27. Qa2 Nf3 28. Rh1 Qg4+ 29. Kf1 h5 30. Rc1 Ke7 31. d5 Rg6 32. d6+ Kf8 33. d7 Nd2+ 34. Qxd2 Qg2+ 35. Ke2 Qf3+ 0-1